[Event "ROM-chT2"]
[Site "Calimanesti"]
[Date "2014.11.15"]
[Round "8.3"]
[White "Deaconu, Mihai Ionut"]
[Black "Seder, Nicolae"]
[Result "0-1"]
[WhiteElo "1939"]
[BlackElo "2178"]
[PlyCount "34"]
[EventDate "2014.11.08"]
[EventType "team-tourn"]
[EventRounds "9"]
[EventCountry "ROU"]
[SourceTitle "CBM 163 Extra"]
[Source "ChessBase"]
[SourceDate "2014.12.23"]
[SourceVersion "1"]
[SourceVersionDate "2014.12.23"]
[SourceQuality "1"]
[WhiteTeam "Galati Diana"]
[BlackTeam "Targoviste Chindia"]
[WhiteTeamCountry "ROU"]
[BlackTeamCountry "ROU"]

1. e4 c5 2. Nf3 Nf6 3. Nc3 d5 4. e5 d4 5. exf6 dxc3 6. fxe7 cxd2+ 7. Bxd2 Bxe7 8. Bc4 0-0 9. Qe2 Bf6 10. 0-0-0 Qb6 11. c3 Nc6 12. Bg5 Nd8 13. Qe4 Bxg5+ 14. Nxg5 Qg6 15. Qxg6 hxg6 16. Rhe1 Rb8 17. Bxf7+ Nxf7 0-1

[Event "ROM-chT2"]
[Site "Calimanesti"]
[Date "2014.11.11"]
[Round "4.3"]
[White "Seder, Nicolae"]
[Black "Miroiu, George Catalin"]
[Result "0-1"]
[WhiteElo "2178"]
[BlackElo "2308"]
[PlyCount "184"]
[EventDate "2014.11.08"]
[EventType "team-tourn"]
[EventRounds "9"]
[EventCountry "ROU"]
[SourceTitle "CBM 163 Extra"]
[Source "ChessBase"]
[SourceDate "2014.12.23"]
[SourceVersion "1"]
[SourceVersionDate "2014.12.23"]
[SourceQuality "1"]
[WhiteTeam "Targoviste Chindia"]
[BlackTeam "Moreni Petrom"]
[WhiteTeamCountry "ROU"]
[BlackTeamCountry "ROU"]

1. e4 c6 2. d4 d5 3. e5 Bf5 4. Nc3 e6 5. g4 Bg6 6. Nge2 h6 7. Be3 Nd7 8. Bg2 Ne7 9. f4 h5 10. f5 exf5 11. g5 f4 12. Bxf4 h4 13. Qd2 Nb6 14. b3 Qd7 15. Nd1 Bf5 16. Ne3 Be6 17. Bf3 Ng6 18. Rg1 Be7 19. Nd1 c5 20. c3 a5 21. Be3 c4 22. Nf4 Nxf4 23. Bxf4 cxb3 24. axb3 a4 25. bxa4 Nc4 26. Qc1 Rxa4 27. Rxa4 Qxa4 28. Rg2 Kd7 29. Nb2 Nxb2 30. Rxb2 Rb8 31. Qb1 Qc6 32. Bd2 b6 33. Be2 Kd8 34. Qh7 g6 35. Qxh4 Qa4 36. Rb5 Qa1+ 37. Kf2 Qa2 38. Qf4 Rb7 39. Bc1 Rc7 40. Qd2 Qxd2 41. Bxd2 Ra7 42. Bf3 Ra2 43. Ke1 Kc7 44. h4 Ra1+ 45. Kf2 Bd7 46. Rb2 Be6 47. Ke2 Ba3 48. Rb3 Ra2 49. Ke3 Be7 50. Rb1 Ra4 51. Bd1 Ra8 52. Bc2 Rh8 53. Be1 Ra8 54. Bd1 Kc6 55. Be2 Ra2 56. Bb5+ Kc7 57. Bd2 Ra3 58. Be2 Kc6 59. Kf2 Ra2 60. Ke3 Ra3 61. Rg1 b5 62. Rc1 b4 63. Bd3 bxc3 64. Bxc3 Kb7 65. Rb1+ Kc7 66. Kd2 Ra2+ 67. Rb2 Ra3 68. Be2 Ra8 69. Rc2 Kb6 70. Rb2+ Kc7 71. Ke3 Ra3 72. Kd2 Ra8 73. Rb1 Ra2+ 74. Ke1 Bf5 75. Ra1 Rxa1+ 76. Bxa1 Bb4+ 77. Kd1 Kd7 78. Bb2 Ke6 79. Ba6 Bg4+ 80. Kc2 Kf5 81. Kd3 Kf4 82. Bc1+ Kf3 83. Kc2 Be1 84. Kb3 Ke4 85. Bf1 Bd1+ 86. Ka3 Kxd4 87. Bb2+ Bc3 88. Bxc3+ Kxc3 89. Bh3 d4 90. e6 fxe6 91. Bxe6 d3 92. Bf7 Bh5 0-1

[Event "ROM-chT2"]
[Site "Olanesti"]
[Date "2013.10.17"]
[Round "6.1"]
[White "Teodorescu, Ion"]
[Black "Seder, Nicolae"]
[Result "1/2-1/2"]
[WhiteElo "2265"]
[BlackElo "2189"]
[PlyCount "89"]
[EventDate "2013.10.12"]
[EventType "team-tourn"]
[EventRounds "9"]
[EventCountry "ROU"]
[SourceTitle "EXT 2014"]
[Source "ChessBase"]
[SourceDate "2013.11.20"]
[SourceVersion "1"]
[SourceVersionDate "2013.11.20"]
[SourceQuality "1"]
[WhiteTeam "Galati Diana"]
[BlackTeam "Targoviste Chindia"]
[WhiteTeamCountry "ROU"]
[BlackTeamCountry "ROU"]

1. Nf3 c5 2. c4 Nc6 3. Nc3 g6 4. e4 Bg7 5. d3 d6 6. Be2 h6 7. h3 e5 8. g4 Nge7 9. Rg1 Rb8 10. Bd2 a6 11. h4 Nd4 12. g5 h5 13. Nxd4 cxd4 14. Nd5 Nxd5 15. cxd5 Bd7 16. Qb3 0-0 17. Qa3 Re8 18. 0-0-0 Qb6 19. Kb1 Bf8 20. Rc1 Rbc8 21. f4 Rxc1+ 22. Rxc1 Rc8 23. Rxc8 Bxc8 24. Kc2 Qc7+ 25. Kd1 Qd7 26. fxe5 dxe5 27. Qa5 Kg7 28. Qb6 Be7 29. b3 Bd8 30. Qc5 Be7 31. Qb6 Bd8 32. Qb4 Be7 33. Qc4 Bd6 34. a4 b5 35. axb5 axb5 36. Qc1 Bb7 37. Qa1 b4 38. Qa5 Qe7 39. Qb6 Bc8 40. Qc6 Bh3 41. Ke1 Bd7 42. Qb6 Bc8 43. Qc6 Qd7 44. Qb6 Qe7 45. Qc6 1/2-1/2

[Event "ROM-chT2"]
[Site "Olanesti"]
[Date "2013.10.16"]
[Round "5.1"]
[White "Seder, Nicolae"]
[Black "Bogdan, Dan"]
[Result "1/2-1/2"]
[WhiteElo "2189"]
[BlackElo "2367"]
[PlyCount "22"]
[EventDate "2013.10.12"]
[EventType "team-tourn"]
[EventRounds "9"]
[EventCountry "ROU"]
[SourceTitle "EXT 2014"]
[Source "ChessBase"]
[SourceDate "2013.11.20"]
[SourceVersion "1"]
[SourceVersionDate "2013.11.20"]
[SourceQuality "1"]
[WhiteTeam "Targoviste Chindia"]
[BlackTeam "Timis Sinandrei"]
[WhiteTeamCountry "ROU"]
[BlackTeamCountry "ROU"]

1. e4 c5 2. c3 g6 3. d4 cxd4 4. cxd4 d5 5. e5 Nc6 6. Nc3 Bg7 7. g3 f6 8. exf6 Nxf6 9. Bg2 0-0 10. Nge2 Bg4 11. f3 Be6 1/2-1/2

[Event "Ploiesti Master op"]
[Site "Ploiesti"]
[Date "2003.05.31"]
[Round "2"]
[White "Scurhan, Gheorghe"]
[Black "Seder, Nicolae"]
[Result "0-1"]
[WhiteElo "2130"]
[BlackElo "2212"]
[PlyCount "66"]
[EventDate "2003.05.30"]
[EventType "swiss"]
[EventRounds "9"]
[EventCountry "ROU"]
[SourceTitle "EXT 2004"]
[Source "ChessBase"]
[SourceDate "2003.11.25"]
[SourceVersion "1"]
[SourceVersionDate "2003.11.25"]
[SourceQuality "1"]

1. e4 d5 2. exd5 Qxd5 3. Nf3 a6 4. d4 Nf6 5. c4 Qd8 6. Nc3 g6 7. Bd3 Bg4 8. h3 Bxf3 9. Qxf3 Nc6 10. Be3 Rb8 11. Rd1 Nxd4 12. Bxd4 Qxd4 13. 0-0 Qc5 14. a3 Bg7 15. Rfe1 e6 16. b4 Qe7 17. Ne4 Nxe4 18. Bxe4 c6 19. Bxc6+ bxc6 20. Qxc6+ Kf8 21. Rd7 Qe8 22. Qc7 Ra8 23. Red1 Bf6 24. Qb7 Kg7 25. c5 Rf8 26. a4 Qc8 27. c6 Rb8 28. Qxc8 Rfxc8 29. Rb7 Be5 30. Rdd7 Rxc6 31. Rxf7+ Kg8 32. g3 Rb6 33. Rbd7 Rd8 0-1

[Event "Ploiesti Master op"]
[Site "Ploiesti"]
[Date "2003.05.30"]
[Round "1"]
[White "Seder, Nicolae"]
[Black "Adoamnei, Roxana Antonela"]
[Result "0-1"]
[WhiteElo "2212"]
[BlackElo "2070"]
[PlyCount "110"]
[EventDate "2003.05.30"]
[EventType "swiss"]
[EventRounds "9"]
[EventCountry "ROU"]
[SourceTitle "EXT 2004"]
[Source "ChessBase"]
[SourceDate "2003.11.25"]
[SourceVersion "1"]
[SourceVersionDate "2003.11.25"]
[SourceQuality "1"]

1. e4 c6 2. Nc3 d5 3. Nf3 Bg4 4. h3 Bxf3 5. Qxf3 e6 6. exd5 exd5 7. d4 Bd6 8. Bf4 Ne7 9. Bd3 Ng6 10. Qe3+ Be7 11. Bg5 f6 12. Bf4 Nxf4 13. Qxf4 Qd6 14. Qf5 Nd7 15. Qh5+ Kd8 16. 0-0 Kc7 17. Rae1 g6 18. Qf3 f5 19. a3 Rae8 20. b4 a6 21. Rb1 Bf6 22. Ne2 b5 23. a4 Nb6 24. a5 Nd7 25. c3 Kb7 26. Rbe1 Bd8 27. Qf4 Qf6 28. Nc1 Bc7 29. Qf3 h5 30. Rxe8 Rxe8 31. Ne2 h4 32. g3 Qg5 33. Nf4 Nf6 34. Kg2 Ne4 35. Re1 Nd2 36. Rxe8 Nxf3 37. Kxf3 Bxf4 38. gxf4 Qg1 39. Re3 Qh1+ 40. Ke2 Qc1 41. Kf3 Kc7 42. Kg2 Qxc3 43. Bxb5 Qxb4 44. Bxa6 Qxa5 45. Be2 Qd2 46. Bf3 Qxd4 47. Re6 Qg7 48. Bd1 Qf7 49. Re5 Kd6 50. Re3 c5 51. Ra3 c4 52. Bf3 d4 53. Ra6+ Kc5 54. Ra5+ Kb4 55. Rd5 Qxd5 0-1

[Event "Revelionul Mileniului rapid"]
[Site "Revelionul"]
[Date "2000.??.??"]
[Round "?"]
[White "Catereniuc, Dragos"]
[Black "Seder, Nicolae"]
[Result "1-0"]
[WhiteElo "2195"]
[BlackElo "2215"]
[PlyCount "123"]
[EventDate "2000.??.??"]
[EventType "swiss"]
[EventRounds "7"]
[EventCountry "ROU"]
[SourceTitle "EXT 2004"]
[Source "ChessBase"]
[SourceDate "2003.11.25"]
[SourceVersion "1"]
[SourceVersionDate "2003.11.25"]
[SourceQuality "1"]

1. d4 Nf6 2. Nf3 b6 3. e3 e6 4. Bd3 Bb7 5. 0-0 c5 6. Nbd2 Be7 7. Qe2 Nc6 8. c3 d6 9. Rd1 0-0 10. e4 cxd4 11. Nxd4 Ne5 12. Bc2 Qc8 13. f4 Ng6 14. N2f3 d5 15. f5 dxe4 16. fxg6 exf3 17. gxf7+ Rxf7 18. Nxf3 Bc5+ 19. Nd4 Bxd4+ 20. Rxd4 Qc6 21. Ba4 Qc5 22. Qxe6 Bd5 23. Qe5 Re7 24. Qg3 Re2 25. Bb3 Bxb3 26. axb3 Rae8 27. Bf4 Nh5 28. Qf3 Nxf4 29. Qxf4 Rxb2 30. Rf1 Rf8 31. Qxf8+ Qxf8 32. Rxf8+ Kxf8 33. b4 Ke7 34. Rc4 Kd6 35. Rc8 Rc2 36. b5 Rb2 37. c4 Rc2 38. h4 Ke6 39. Rc7 Kf6 40. Kh2 h6 41. Kh3 Rc3+ 42. g3 Ra3 43. Kg4 Kg6 44. Kf4 h5 45. g4 hxg4 46. Kxg4 Kf6 47. h5 Ra1 48. Kf4 Rh1 49. Rxa7 Rh4+ 50. Kg3 Rxc4 51. Rb7 Kg5 52. Rxg7+ Kxh5 53. Rb7 Kg5 54. Kf3 Kf5 55. Ke3 Ke5 56. Rxb6 Rc3+ 57. Kd2 Rb3 58. Kc2 Rb4 59. Kc3 Rb1 60. Kc4 Rc1+ 61. Kb4 Kd5 62. Rh6 1-0

[Event "Revelionul Mileniului rapid"]
[Site "Revelionul"]
[Date "2000.??.??"]
[Round "?"]
[White "Hlinschi, Mihai"]
[Black "Seder, Nicolae"]
[Result "0-1"]
[WhiteElo "1775"]
[BlackElo "2215"]
[PlyCount "88"]
[EventDate "2000.??.??"]
[EventType "swiss"]
[EventRounds "7"]
[EventCountry "ROU"]
[SourceTitle "EXT 2004"]
[Source "ChessBase"]
[SourceDate "2003.11.25"]
[SourceVersion "1"]
[SourceVersionDate "2003.11.25"]
[SourceQuality "1"]

1. e4 c5 2. c4 Nc6 3. g3 d6 4. Bg2 g6 5. Nc3 Bg7 6. Nge2 h5 7. h3 Nd4 8. Nxd4 cxd4 9. Ne2 Qa5 10. 0-0 h4 11. g4 d3 12. Nf4 Qb4 13. Qb3 Qxb3 14. axb3 Nf6 15. f3 Nd7 16. Nxd3 Bd4+ 17. Kh1 Rb8 18. Nb4 Nc5 19. Ra3 Bg7 20. Rd1 a5 21. Rxa5 Nxb3 22. Ra3 Nxc1 23. Rxc1 Bxb2 24. Rac3 Bxc1 25. Rxc1 Bd7 26. Nd5 Rc8 27. Rb1 Rxc4 28. Rxb7 Rc8 29. Nb6 Bc6 30. Ra7 Rb8 31. Nc4 Kf8 32. d4 Ra8 33. Rc7 Bb5 34. Nb6 Ra1+ 35. Kh2 Ra2 36. Kg1 Rd2 37. d5 Kg7 38. Nc8 Re8 39. f4 Ba6 40. Nxe7 Rb8 41. Rc1 Rb3 42. Kh1 Rg3 43. Rg1 Bd3 44. e5 Be4 0-1

[Event "Revelionul Mileniului rapid"]
[Site "Revelionul"]
[Date "2000.??.??"]
[Round "?"]
[White "Minca, Paul"]
[Black "Seder, Nicolae"]
[Result "0-1"]
[WhiteElo "1605"]
[BlackElo "2215"]
[PlyCount "108"]
[EventDate "2000.??.??"]
[EventType "swiss"]
[EventRounds "7"]
[EventCountry "ROU"]
[SourceTitle "EXT 2004"]
[Source "ChessBase"]
[SourceDate "2003.11.25"]
[SourceVersion "1"]
[SourceVersionDate "2003.11.25"]
[SourceQuality "1"]

1. d4 Nf6 2. c4 e6 3. Nc3 Bb4 4. Qc2 d5 5. Nf3 0-0 6. Bg5 Nbd7 7. e3 h6 8. Bh4 Re8 9. a3 Be7 10. Bd3 b6 11. Ne5 Bb7 12. cxd5 Nxe5 13. dxe5 Nxd5 14. Bg3 Nxc3 15. Qxc3 Bxg2 16. Rg1 Bf3 17. Rc1 c5 18. Be2 Bxe2 19. Kxe2 Qd7 20. Rgd1 Qb5+ 21. Ke1 Rad8 22. Rxd8 Rxd8 23. Rd1 Rxd1+ 24. Kxd1 Qd7+ 25. Ke2 h5 26. h4 Qd5 27. Qd3 Qxd3+ 28. Kxd3 b5 29. f4 Kf8 30. e4 Ke8 31. Kc3 Kd7 32. Bf2 Kc6 33. b3 g6 34. Bg3 Bd8 35. Bf2 a6 36. Bg3 f6 37. exf6 Bxf6+ 38. Kd3 Bb2 39. a4 Bd4 40. Be1 Bg7 41. Bg3 Bh6 42. Bh2 Kb6 43. axb5 Kxb5 44. Bg3 Kb4 45. Kc2 c4 46. Be1+ Kc5 47. Bf2+ Kb5 48. Bg3 Bg7 49. Bf2 Bf6 50. Bg3 Bd4 51. Be1 Be3 52. Bg3 Kc5 53. Kc3 cxb3 54. Kxb3 Kd4 0-1

[Event "Revelionul Mileniului rapid"]
[Site "Revelionul"]
[Date "2000.??.??"]
[Round "?"]
[White "Seder, Nicolae"]
[Black "Fugulyan, Grigore"]
[Result "0-1"]
[WhiteElo "2215"]
[BlackElo "2090"]
[PlyCount "112"]
[EventDate "2000.??.??"]
[EventType "swiss"]
[EventRounds "7"]
[EventCountry "ROU"]
[SourceTitle "EXT 2004"]
[Source "ChessBase"]
[SourceDate "2003.11.25"]
[SourceVersion "1"]
[SourceVersionDate "2003.11.25"]
[SourceQuality "1"]

1. e4 d6 2. d4 g6 3. Nc3 Nf6 4. g3 Bg7 5. Bg2 0-0 6. Nge2 e5 7. dxe5 dxe5 8. Qxd8 Rxd8 9. Bg5 c6 10. 0-0 h6 11. Be3 Be6 12. Rfd1 Rxd1+ 13. Rxd1 Na6 14. a3 Bf8 15. h3 Bc4 16. Nc1 Nc5 17. b3 Ba6 18. a4 b6 19. f3 Ne6 20. Bf1 Bb7 21. Kg2 Bb4 22. N3a2 Bf8 23. Be2 Rd8 24. Nd3 Nd7 25. Nf2 h5 26. Bc4 Ndc5 27. Rxd8 Nxd8 28. Nd3 Nxd3 29. Bxd3 Ne6 30. Bd2 a5 31. Bc4 Bc8 32. Be3 Nd4 33. c3 b5 34. Bxf7+ Kxf7 35. cxd4 exd4 36. Bxd4 Be6 37. axb5 cxb5 38. Nc3 Bxb3 39. Nxb5 a4 40. Bb2 Bc4 41. Na3 Bd3 42. e5 Bc5 43. f4 Ke6 44. Kf3 Kd5 45. g4 h4 46. g5 Be4+ 47. Ke2 Bf5 48. Nb5 Bxh3 49. Nc3+ Kc4 50. Nxa4 Bg4+ 51. Kf1 Ba7 52. Bc1 Kb3 53. Kg2 Kxa4 54. Bd2 Kb5 55. Be1 h3+ 56. Kh1 Kc6 0-1

[Event "Centrocoop Sept op"]
[Site "Eforie Nord"]
[Date "1999.09.??"]
[Round "?"]
[White "Berescu, Alin Mile"]
[Black "Seder, Nicolae"]
[Result "1-0"]
[WhiteElo "2392"]
[BlackElo "2303"]
[PlyCount "58"]
[EventDate "1999.09.??"]
[EventType "swiss"]
[EventRounds "11"]
[EventCountry "ROU"]
[SourceTitle "EXT 2004"]
[Source "ChessBase"]
[SourceDate "2003.11.25"]
[SourceVersion "1"]
[SourceVersionDate "2003.11.25"]
[SourceQuality "1"]

1. f4 Nf6 2. Nf3 c5 3. g3 b6 4. Bg2 Bb7 5. d3 d5 6. c3 e6 7. 0-0 Be7 8. Qe1 Nc6 9. Na3 0-0 10. h3 a6 11. e4 dxe4 12. dxe4 b5 13. e5 Nd5 14. Nc2 Qb6 15. Ne3 c4 16. Kh2 Nxe3 17. Bxe3 Qc7 18. Qf2 Nb8 19. Bb6 Qc8 20. Rad1 Nd7 21. Ba5 Nc5 22. Ne1 Rb8 23. Qc2 Bd8 24. Bb4 a5 25. Bxb7 Rxb7 26. Bxc5 Qxc5 27. Nf3 Qe3 28. Nd4 Bb6 29. Rfe1 Bxd4 1-0

[Event "Centrocoop Sept op"]
[Site "Eforie Nord"]
[Date "1999.09.??"]
[Round "?"]
[White "Iordache, Claudiu Badea"]
[Black "Seder, Nicolae"]
[Result "0-1"]
[WhiteElo "2170"]
[BlackElo "2295"]
[PlyCount "110"]
[EventDate "1999.09.??"]
[EventType "swiss"]
[EventRounds "11"]
[EventCountry "ROU"]
[SourceTitle "EXT 2004"]
[Source "ChessBase"]
[SourceDate "2003.11.25"]
[SourceVersion "1"]
[SourceVersionDate "2003.11.25"]
[SourceQuality "1"]

1. e4 c5 2. Nf3 a6 3. c4 d6 4. d4 Bg4 5. dxc5 Bxf3 6. Qxf3 dxc5 7. Nc3 e6 8. Be2 Nc6 9. 0-0 Bd6 10. Rd1 Nd4 11. Qd3 Qc7 12. g3 h5 13. Be3 Nxe2+ 14. Nxe2 0-0-0 15. e5 Bxe5 16. Qxd8+ Qxd8 17. Rxd8+ Kxd8 18. Bxc5 Kc7 19. Ba3 g5 20. Rd1 Nh6 21. h3 Nf5 22. b3 g4 23. h4 Kc6 24. Bc1 b5 25. Bf4 f6 26. cxb5+ axb5 27. Rc1+ Kb6 28. Kf1 Rd8 29. Bxe5 fxe5 30. Nc3 Nd4 31. Ne4 Ra8 32. Nf6 Rxa2 33. b4 Rb2 34. Nxh5 Rxb4 35. Nf6 Ka5 36. h5 Nf5 37. Re1 Rc4 38. Rxe5 Nh6 39. Rxe6 b4 40. Nd5 Nf7 41. Rf6 Rc1+ 42. Kg2 Ne5 43. Rf5 Nf3 44. Ne3+ Ka6 45. Nxg4 Ne1+ 46. Kh3 b3 47. h6 b2 48. Rf6+ Kb5 49. Rf5+ Ka4 50. Rf7 Rc5 51. Ra7+ Kb3 52. Nf6 Kc2 53. h7 Rc8 54. Ng8 b1Q 55. h8Q Nd3 0-1

[Event "Centrocoop Sept op"]
[Site "Eforie Nord"]
[Date "1999.09.??"]
[Round "?"]
[White "Seder, Nicolae"]
[Black "Marinescu, Emilian"]
[Result "1-0"]
[WhiteElo "2303"]
[BlackElo "2050"]
[PlyCount "95"]
[EventDate "1999.09.??"]
[EventType "swiss"]
[EventRounds "11"]
[EventCountry "ROU"]
[SourceTitle "EXT 2004"]
[Source "ChessBase"]
[SourceDate "2003.11.25"]
[SourceVersion "1"]
[SourceVersionDate "2003.11.25"]
[SourceQuality "1"]

1. e4 d5 2. exd5 Qxd5 3. Nc3 Qa5 4. d4 Nf6 5. Bc4 Bf5 6. Bd2 c6 7. Nf3 Qc7 8. Rc1 e6 9. Qe2 Be7 10. h3 Nd5 11. g4 Bg6 12. Ne5 Nd7 13. Bxd5 Nxe5 14. Bxe6 fxe6 15. Qxe5 Qxe5+ 16. dxe5 0-0-0 17. Be3 b6 18. Ke2 Rd7 19. f3 Rhd8 20. Rhd1 Rxd1 21. Nxd1 Rd5 22. f4 Rd7 23. a3 b5 24. Nf2 a5 25. Nd3 Rd5 26. Rf1 Be4 27. Rc1 Kb7 28. Nf2 Bg6 29. Nd1 b4 30. a4 h6 31. b3 Bh7 32. Nb2 Be4 33. Nd3 g5 34. Rf1 Bg2 35. Rf2 Bxh3 36. Kf3 h5 37. gxh5 g4+ 38. Kg3 Rd8 39. h6 Rf8 40. Bc5 Rf7 41. Bxe7 Rxe7 42. h7 Rxh7 43. Nc5+ Kc8 44. Nxe6 Rh8 45. Ng5 Kd7 46. f5 Rh5 47. e6+ Kd8 48. f6 1-0

[Event "Revelion op"]
[Site "Romania"]
[Date "1999.??.??"]
[Round "?"]
[White "Seder, Nicolae"]
[Black "Biro, Andrei Paul"]
[Result "1-0"]
[WhiteElo "2295"]
[BlackElo "2105"]
[PlyCount "83"]
[EventDate "1999.??.??"]
[EventType "swiss"]
[EventRounds "7"]
[EventCountry "ROU"]
[SourceTitle "EXT 2004"]
[Source "ChessBase"]
[SourceDate "2003.11.25"]
[SourceVersion "1"]
[SourceVersionDate "2003.11.25"]
[SourceQuality "1"]

1. e4 c5 2. c3 d5 3. exd5 Qxd5 4. d4 Nf6 5. Nf3 Nc6 6. dxc5 Qxc5 7. Be3 Qd5 8. Qa4 Bd7 9. Bc4 Qh5 10. Qb5 Qxb5 11. Bxb5 a6 12. Be2 Nd5 13. Nbd2 Nxe3 14. fxe3 e6 15. Nc4 Bc5 16. b4 Ba7 17. Rd1 Ke7 18. a4 Nd8 19. a5 Rc8 20. Nfe5 Bb5 21. Nd6 Rxc3 22. Bxb5 Rxe3+ 23. Be2 Nc6 24. Ndxf7 Nxe5 25. Nxh8 Rc3 26. Bf3 Rb3 27. Ke2 Re3+ 28. Kf1 Nxf3 29. gxf3 Rxf3+ 30. Ke2 Rf8 31. Rc1 Bb8 32. Rhg1 g6 33. Rxg6 Be5 34. Rg5 Bf4 35. Rg7+ Kf6 36. Rcg1 Rxh8 37. Rxb7 Bxh2 38. Rf1+ Kg5 39. Rg7+ Kh6 40. Rg2 Rc8 41. Rxh2+ Kg6 42. Rg2+ 1-0

[Event "Centrocoop Sept op-A"]
[Site "Eforie Nord"]
[Date "1998.??.??"]
[Round "?"]
[White "Dumitrache, Dragos Nicolae"]
[Black "Seder, Nicolae"]
[Result "1-0"]
[WhiteElo "2420"]
[BlackElo "2300"]
[PlyCount "95"]
[EventDate "1998.09.??"]
[EventType "swiss"]
[EventRounds "11"]
[EventCountry "ROU"]
[SourceTitle "EXT 2000"]
[Source "ChessBase"]
[SourceDate "1999.11.16"]
[SourceVersion "1"]
[SourceVersionDate "1999.11.16"]
[SourceQuality "1"]

1. d4 Nf6 2. c4 e6 3. Nc3 Bb4 4. e3 Ne4 5. Qc2 f5 6. Bd3 0-0 7. Nge2 b6 8. 0-0 Bxc3 9. Nxc3 Nxc3 10. Qxc3 d5 11. b4 Bb7 12. c5 a6 13. a4 bxc5 14. dxc5 Qf6 15. Qxf6 gxf6 16. Ba3 c6 17. b5 Nd7 18. Bb4 Rfc8 19. Rfc1 Kf7 20. f4 axb5 21. axb5 Rxa1 22. Rxa1 Ra8 23. Rxa8 Bxa8 24. b6 Bb7 25. h3 h5 26. Kf2 h4 27. Ke2 Kg6 28. Kd2 e5 29. Kc3 Bc8 30. Kb3 e4 31. Bf1 Kf7 32. Ka4 Bb7 33. Ka5 Nb8 34. Be1 Kg6 35. Bxh4 Kg7 36. Be1 Kh6 37. g4 Kg6 38. Be2 Bc8 39. Bg3 Nd7 40. Ba6 Bxa6 41. Kxa6 Nxc5+ 42. Ka7 Nd7 43. Kb7 c5 44. Kc6 Nxb6 45. Kxb6 fxg4 46. hxg4 d4 47. Kxc5 d3 48. Be1 1-0

[Event "Centrocoop Sept op-A"]
[Site "Eforie Nord"]
[Date "1998.??.??"]
[Round "?"]
[White "Kozinov, Aleksandr E"]
[Black "Seder, Nicolae"]
[Result "1-0"]
[WhiteElo "1750"]
[BlackElo "2300"]
[PlyCount "81"]
[EventDate "1998.09.??"]
[EventType "swiss"]
[EventRounds "11"]
[EventCountry "ROU"]
[SourceTitle "EXT 2000"]
[Source "ChessBase"]
[SourceDate "1999.11.16"]
[SourceVersion "1"]
[SourceVersionDate "1999.11.16"]
[SourceQuality "1"]

1. e4 d5 2. exd5 Nf6 3. d4 Nxd5 4. Nf3 g6 5. c3 Bg7 6. Bc4 c6 7. 0-0 0-0 8. Re1 Nd7 9. Bg5 h6 10. Bh4 N7b6 11. Bb3 Bf5 12. Nbd2 a5 13. Nc4 g5 14. Bg3 Nxc4 15. Bxc4 a4 16. Bd3 e6 17. Qc2 Qd7 18. a3 Ra5 19. Rad1 Bg4 20. Be2 Bf5 21. Bd3 f6 22. Nd2 Raa8 23. Ne4 Bxe4 24. Bxe4 Ne7 25. f4 Nd5 26. c4 Ne7 27. Qe2 f5 28. Bc2 Bxd4+ 29. Bf2 c5 30. Bxd4 cxd4 31. Qxe6+ Qxe6 32. Rxe6 Nc6 33. fxg5 Rae8 34. Rxe8 Rxe8 35. Bxa4 Re2 36. Bxc6 bxc6 37. Rxd4 hxg5 38. b4 Rc2 39. b5 c5 40. Rd1 Kf7 41. Rb1 1-0

[Event "ROM-chT2"]
[Site "Sovata"]
[Date "1997.??.??"]
[Round "2"]
[White "Ignatescu, Radu Mihai"]
[Black "Seder, Nicolae"]
[Result "1/2-1/2"]
[WhiteElo "2260"]
[BlackElo "2215"]
[PlyCount "152"]
[EventDate "1997.10.??"]
[EventType "team-tourn"]
[EventRounds "7"]
[EventCountry "ROU"]
[SourceTitle "EXT 2000"]
[Source "ChessBase"]
[SourceDate "1999.11.16"]
[SourceVersion "1"]
[SourceVersionDate "1999.11.16"]
[SourceQuality "1"]

1. d4 Nf6 2. Nf3 e6 3. Bg5 h6 4. Bf4 b6 5. Nbd2 Nh5 6. Bg3 Nxg3 7. hxg3 c5 8. e3 Bb7 9. Bd3 Nc6 10. c3 d5 11. Nh4 e5 12. dxe5 Nxe5 13. Bb5+ Nd7 14. 0-0 a6 15. Ba4 b5 16. Bc2 Be7 17. Nf5 g6 18. Nxe7 Qxe7 19. e4 0-0 20. Re1 Rae8 21. exd5 Qxe1+ 22. Qxe1 Rxe1+ 23. Rxe1 Bxd5 24. Nb3 Rc8 25. Rd1 Nb6 26. f3 Kf8 27. Kf2 Ke7 28. Nc1 a5 29. Ne2 Rd8 30. b3 a4 31. Nf4 a3 32. Re1+ Kf6 33. Rd1 Rd7 34. Ke3 Ke7 35. Nd3 Rc7 36. Nf4 Bb7 37. Be4 g5 38. Ne2 Bxe4 39. Kxe4 Rc6 40. Rd2 Re6+ 41. Kf5 Nc8 42. Kg4 Nd6 43. Kh3 Re3 44. Kh2 c4 45. Kg1 Rd3 46. Rc2 Nf5 47. Nc1 Rd1+ 48. Kf2 h5 49. g4 hxg4 50. fxg4 Nd6 51. Ke2 Rh1 52. Ke3 Kd7 53. Kd4 Kc6 54. Ke5 Rh4 55. Ne2 Rxg4 56. Nd4+ Kc7 57. Kd5 cxb3 58. axb3 Rg3 59. Ra2 Rxc3 60. Rxa3 Rd3 61. g4 Nb7 62. b4 Rd1 63. Ra6 Rg1 64. Nxb5+ Kb8 65. Rf6 Rxg4 66. Rxf7 Rf4 67. Rg7 Rf5+ 68. Kc4 Rf4+ 69. Nd4 g4 70. Kd5 Nd8 71. Rg8 Kc7 72. b5 Rf6 73. Rxg4 Rd6+ 74. Ke5 Nf7+ 75. Ke4 Kb6 76. Rg7 Rf6 1/2-1/2

[Event "ROM-chT2"]
[Site "Sovata"]
[Date "1997.??.??"]
[Round "5"]
[White "Seder, Nicolae"]
[Black "Abibula, Aytechin"]
[Result "1/2-1/2"]
[WhiteElo "2215"]
[BlackElo "2305"]
[PlyCount "58"]
[EventDate "1997.10.??"]
[EventType "team-tourn"]
[EventRounds "7"]
[EventCountry "ROU"]
[SourceTitle "EXT 2000"]
[Source "ChessBase"]
[SourceDate "1999.11.16"]
[SourceVersion "1"]
[SourceVersionDate "1999.11.16"]
[SourceQuality "1"]

1. e4 e5 2. Nf3 Nc6 3. Nc3 Nf6 4. Bb5 Bb4 5. 0-0 Bxc3 6. dxc3 d6 7. Re1 0-0 8. h3 Re8 9. a4 a6 10. Bc4 b6 11. b3 Ne7 12. Bf1 Ng6 13. c4 a5 14. g3 h6 15. Bg2 Nf8 16. Nh4 Ne6 17. Nf5 Kh7 18. Kh2 Bd7 19. f3 Rf8 20. Qe2 Nc5 21. Bd2 Be6 22. Rad1 Qd7 23. Ne3 Rae8 24. Bc1 Qc8 25. Qf1 Bd7 26. h4 Re7 27. Bh3 Bxh3 28. Qxh3 Qxh3+ 29. Kxh3 g6 1/2-1/2

[Event "ROM-chT2"]
[Site "Sovata"]
[Date "1997.??.??"]
[Round "7"]
[White "Serdean, Pavel Dorin"]
[Black "Seder, Nicolae"]
[Result "0-1"]
[WhiteElo "2225"]
[BlackElo "2215"]
[PlyCount "80"]
[EventDate "1997.10.??"]
[EventType "team-tourn"]
[EventRounds "7"]
[EventCountry "ROU"]
[SourceTitle "EXT 2000"]
[Source "ChessBase"]
[SourceDate "1999.11.16"]
[SourceVersion "1"]
[SourceVersionDate "1999.11.16"]
[SourceQuality "1"]

1. d4 Nf6 2. Nf3 e6 3. Bg5 h6 4. Bh4 b6 5. e3 Bb7 6. Bd3 d5 7. Ne5 Be7 8. 0-0 Ne4 9. Bxe7 Qxe7 10. f3 Nd6 11. Qe2 Nd7 12. f4 Nf6 13. Nd2 Nfe4 14. Nxe4 dxe4 15. Bb5+ Nxb5 16. Qxb5+ c6 17. Nxc6 Qd7 18. Nxa7 Rxa7 19. Qxb6 Ra6 20. Qb4 Ra4 21. Qc5 Qd5 22. b3 Qxc5 23. dxc5 Ra3 24. Kf2 Kd7 25. Rfd1+ Kc6 26. Rd6+ Kc7 27. b4 Rc3 28. Rd2 Rc4 29. Rb1 Ra8 30. Rb2 Bd5 31. f5 Ra3 32. fxe6 fxe6 33. Re2 Rcc3 34. g4 g5 35. Rb1 Rxa2 36. Rc1 Kc6 37. h4 Kb5 38. Kg3 Kxb4 39. h5 Bc4 40. Rd2 Rxe3+ 0-1